000 00940nam a2200277 4500
003 OSt
005 20240627031018.0
006 a
008 240627b |||||||| |||| 00| 0 eng d
040 _aDWCL-Main lib.
_cOC
082 _aRes. 025.1 S617s 2010
100 _aSinger, Paula M.
245 _aSuccession planning in the library : developing leaders, managing change /
260 _aChicago :
_bAmerican Library Association,
_cc2010.
300 _aix,
_b147 p. : ill. ;
_c28 cm.
504 _aIncludes bibliographical references & index.
650 _a1. Library administration.
650 _a2. Manpower planning.
650 _a3. Library planning.
650 _a4. Library employees.
650 _a5. Organizational change.
650 _a6. Library administration-United-States.
650 _a7. Manpower planning-United States.
650 _a8. Library employees-United States.
942 _2ddc
_n0
_cBK-0 CIRC
_kRes.
999 _c1466
_d1466